| 000 | 00000nam##2200000za#4500 |
| 001 | 9.640989 |
| 003 | CaOODSP |
| 005 | 20210624222933 |
| 007 | cr ||||||||||| |
| 008 | 150407|2007||||xxc|||||o f|0| 0 fre|d |
| 040 | |aCaOODSP|bfre |
| 043 | |an-cn--- |
| 086 | 1 |aH128-1/07-515F-PDF |
| 110 | 1 |aCanada. |bSanté Canada. |
| 245 | 10|aRadon - ce que vous devez savoir |h[ressource électronique] |
| 260 | |aOttawa - Ontario : |bSanté Canada |cc2007. |
| 300 | |a4p.|bphotographies |
| 500 | |aLe n° de catalogue (H128-1/07-515F) et l'ISBN (978-0-662-07337-6) de l'édition imprimée ont été incorrectement copiés dans la version électronique. |
| 520 | 3 |aLa présente fiche de renseignements offre des renseignements sur le radon aux propriétaires de maison. Elle explique brièvement les risques possibles pour votre santé, comment le radon s’infiltre dans votre maison, comment vous pouvez détecter la concentration de radon dans votre maison et ce que vous devez faire si le niveau et au-delà de la concentration recommandée par la ligne directrice canadienne. |
| 590 | |a12-42-Supp|b2012-11-21 |
| 691 | 07|aRisque pour l'environnement|2gcpds |
| 775 | 08|tRadon - what you need to know |w(CaOODSP)9.696910 |
| 776 | 0#|tRadon - ce que vous devez savoir |w(CaOODSP)9.683988 |
| 856 | 40|ahttp://publications.gc.ca|qPDF|s485 Ko|uhttps://publications.gc.ca/collections/collection_2012/sc-hc/H128-1-07-515-fra.pdf |
| 986 | |aSC Pub. : 4930 |